| 000 -CABECERA |
| fixed length control field |
01865nam a22002897a 4500 |
| 003 - IDENTIFICADOR DEL NÚMERO DE CONTROL |
| control field |
AR-CdUCM |
| 008 - DATOS DE LONGITUD FIJA--INFORMACIÓN GENERAL |
| fixed length control field |
190425b ||||| |||| 00| 0 spa d |
| 040 ## - FUENTE DE LA CATALOGACIÓN |
| Agencia/entidad que catalogó originalmente la obra |
MUNICIPALIDAD PROVINCIAL DEL CUSCO |
| Entidad que transcribió la catalogación |
BIBLIOTECA MUNICIPAL DEL CUSCO |
| 082 ## - NÚMERO DE LA CLASIFICACIÓN DECIMAL DEWEY |
| No. de Clasificación |
Rev.Allp/N°20/1982 |
| 110 ## - ENTRADA PRINCIPAL--NOMBRE DE ENTIDAD CORPORATIVA |
| Nombre de la institución, jurisdicción como entrada principal |
Instituto de Pastoral Andina |
| 9 (RLIN) |
12766 |
| 245 ## - MENCIÓN DE TÍTULO |
| Título |
Allpanchis Phuturinqa : |
| Resto del título |
Revista Anual / |
| 260 ## - PUBLICACIÓN, DISTRIBUCIÓN, ETC. |
| Lugar de publicación, distribución, etc. |
Cusco : |
| Nombre de la editorial, distribuidor, etc. |
Instituto de Pastoral Andina, |
| Fecha de publicación, distribución, etc. |
1983. |
| 300 ## - DESCRIPCIÓN FÍSICA |
| Nº de Páginas Extensión |
307 páginas. : |
| Otros detalles físicos |
ilustraciones ; |
| Dimensiones |
20 cm. |
| 440 ## - MENCIÓN DE SERIE/PUNTO DE ACCESO ADICIONAL--TÍTULO |
| Título |
Revista del Instituto de Pastoral Andina Cusco |
| Número de la parte/sección de una obra |
Año XII, 1982,N°20.Vol. XVII. |
| 9 (RLIN) |
46233 |
| 505 ## - NOTA DE CONTENIDO CON FORMATO |
| Nota de contenido formateada |
Contenido: El regadío los lagos y los mitos de origen. Jeanette Sherbondy. -- Representaciones colectivas y arqueología mental en los Andes. Henrique Urbano. -- Lo utopía andina. Manuel Burga. -- El discurso mítico de Santa Cruz Pachacuti Yamqui. Lionel Valee. -- Cofradías de indios y poder local en el Perú colonial Huaraz siglo XVII. Rafael Varon. -- Juego de enemigos. Diane Hopkins. -- Moya espacio tiempo y sexo en un pueblo andino. Alejandro Ortiz. -- Diezmos de Huamanga. Lorenzo Huertas. -- Verdad y engaños en mitos ayacuchanos. Juan Ansion. -- La teoría de lo andino y el campesinado de hoy. Rodrigo Sánchez. -- La coca y la cultura andina. -- Las cofradías en el Perú. Zoila Mendoza. -- Un nuevo aporte a la teoría social de las artes plásticas. Elizabeth Acha. -- Cusco 1689 economía y sociedad en el sur andino. Gabriela Ramos. |
| 650 ## - PUNTO DE ACCESO ADICIONAL DE MATERIA--TÉRMINO DE MATERIA |
| Descriptor |
Cultura andina |
| 9 (RLIN) |
46225 |
| 650 ## - PUNTO DE ACCESO ADICIONAL DE MATERIA--TÉRMINO DE MATERIA |
| Descriptor |
Religiosidad andina |
| 9 (RLIN) |
44127 |
| 650 ## - PUNTO DE ACCESO ADICIONAL DE MATERIA--TÉRMINO DE MATERIA |
| Descriptor |
Ritos andinos |
| 9 (RLIN) |
6634 |
| 650 ## - PUNTO DE ACCESO ADICIONAL DE MATERIA--TÉRMINO DE MATERIA |
| Descriptor |
Agua y poder |
| 9 (RLIN) |
46234 |
| 700 ## - PUNTO DE ACCESO ADICIONAL--NOMBRE DE PERSONA |
| Nombre Personal |
Urbano, Enrique |
| 9 (RLIN) |
39364 |
| 700 ## - PUNTO DE ACCESO ADICIONAL--NOMBRE DE PERSONA |
| Nombre Personal |
Sherbondy, Jeanette |
| 9 (RLIN) |
5884 |
| 700 ## - PUNTO DE ACCESO ADICIONAL--NOMBRE DE PERSONA |
| Nombre Personal |
Burga, Manuel |
| 9 (RLIN) |
2836 |
| 700 ## - PUNTO DE ACCESO ADICIONAL--NOMBRE DE PERSONA |
| Nombre Personal |
Flores Galindo, Alberto |
| 9 (RLIN) |
2837 |
| 942 ## - ELEMENTOS DE PUNTO DE ACCESO ADICIONAL (KOHA) |
| Fuente de clasificación |
|
| Tipo de item |
Revistas cusqueñas |
| 945 ## - PROCESAMIENTO DE INFORMACIÓN LOCAL (OCLC) |
| Catalogador |
rac |